01457nam a2200337 a 4500001001000000003000500010005001700015008004100032010001100073011001100084040000900095090001000104100003300114245019000147260004100337500006000378502006900438590004000507590004000547590004000587650004500627650004100672650002900713856006900742901000700811942001000818942000600828999001900834952013100853952013500984000113733CHAP20220329144410.0170913s2017 mx sm |||||||spa d a110194 a111166 cCHAP aTesis1 aPérez Cruz, José913333810aEvaluación de técnicas culturales para la cosecha de agua en la producción sostenible de frijol (Plaseolus vulgaris L.) en el Estado de Durangoh[En línea]cJosé Pérez Cruz. aChapingo, Méx. :bEl autor,c2017. aPara ver el contenido del material haga clic en la liga aTesis (Ing. Agr. Esp. en Suelos) -- UACH. Departamento de Suelos aE6339RRRb05c20170913lUCH01h0942 aE6339RRRb05c20170913lUCH01h0944 aE6339RRRb05c20170913lUCH01h094814aFrijolxAgricultura de temporal.913334714aFrijolxSistemas de cultivo.913334814aSuelosxHumedad.9110391 aFinding aiduhttp://10.13.5.2/tesis/sist113733pdfzTeclea aquí aBK cTESIS n0 c110194d110194 00104054718TESISaBCbBCd2017-09-13fTESISl0oTesisp113735-10r2019-12-31 00:00:00w2019-12-31yTESISzRecien adquirido 00102local4053708TESISaBCbBCcPA_TESISd2017-09-13fTESISl0oTesisp113735-20r2019-12-31 00:00:00tc.2w2019-12-31yTESIS